| 000 | 00958nam a22002417a 4500 | ||
|---|---|---|---|
| 003 | NALT | ||
| 005 | 20210602133759.0 | ||
| 008 | s2552 th tha d | ||
| 020 | _a9786115270033 | ||
| 040 | _aNALT | ||
| 041 | _atha | ||
| 050 |
_aM 1824.T48 _bภ671ค 2552 |
||
| 100 | 0 |
_aรุ่งรดิศญ ไวอาษา _953077 |
|
| 245 | 1 | 0 |
_aคีย์บอร์ดเพลงพระราชนิพนธ์ / _cรุ่งรดิศญ ไวอาษา. |
| 260 |
_aกรุงเทพฯ : _bเอ็มไอเอส, _c2552 |
||
| 300 |
_a23 หน้า : _bภาพประกอบ ; _c26 ซม. |
||
| 650 | 4 |
_aคีย์บอร์ด (ดนตรี) _953078 |
|
| 650 | 4 |
_aโน้ตเพลง _953079 |
|
| 650 | 4 |
_aเพลงพระราชนิพนธ์ _910356 |
|
| 850 | _aNALT | ||
| 942 |
_cGB _2lcc |
||
| 998 |
_bปรียานุช คลอวุฒิวัฒน์ _c103 _j109 _k อารีรัตน์ วิชาช่าง |
||
| 999 |
_c59808 _d59808 |
||